Bioanalytické metody

Gespeichert in:
Bibliographische Detailangaben
Format: Buch
Sprache:Tschechisch
Veröffentlicht: Praha : VŠCHT Praha, 2001
Ausgabe:3.přeprac.vyd
Tags: Tag hinzufügen
Keine Tags, Fügen Sie das erste Tag hinzu!

MARC

LEADER 00000nam a22000003a 4500
001 stu82481
005 20150408175404.7
008 031118s2001----xr------------------cze-d
020 |a 80-7080-449-1 
040 |a STU  |b slo 
041 0 |a cze 
044 |a xr 
080 |a 543.866 
245 |a Bioanalytické metody 
250 |a 3.přeprac.vyd 
260 |a Praha :  |b VŠCHT Praha,  |c 2001 
300 |a 254 s. Obr.,tab.,grafy 
996 |b C97148  |c C*97148  |l CCII  |s P  |a 0  |w stu82481_0001